| 000 | 01350nam a22002897a 4500 | ||
|---|---|---|---|
| 003 | DO-SdBNP | ||
| 005 | 20180312150856.0 | ||
| 008 | 160509b 2001 dr 00| 0 spa d | ||
| 040 |
_aBPMSU _bspa _cBPMSU |
||
| 082 | 4 |
_a372.5 _bR457e 3 |
|
| 100 | 1 | _aReyes, Juana | |
| 245 | 1 |
_aEducación artística 2 / _cJuana Reyes ; edición José Molinaza ; ilustraciones Francisco Suárez |
|
| 250 | _a3a. ed. | ||
| 260 |
_aSanto Domingo : _bSecretaría de Estado de Educación ; _c2001. |
||
| 300 |
_a156 p. : _bils. ; _c27 cm. |
||
| 505 |
_tNos rodean los sonidos -- _tMe gusta jugar y cantar -- _tDe fiesta con mis amigos -- _tYo quiero ser .... -- _t!Calle, callecita¡ -- _tMi patria y mi bandera -- _tAlegría de colores -- _tCelebro el carnaval -- _tMe gustan las frutas -- _tTe quiero proteger -- _tAnimales especiales -- _tLlegarón las vacaciones -- _tFantasía de todos los días. |
||
| 650 | 4 |
_aARTE _xENSEÑANZA BÁSICA |
|
| 650 | 4 |
_aARTE _xENSEÑANZA _xESTUDIOS Y EJERCICIOS |
|
| 650 | 4 |
_aARTE _xENSEÑANZA _xLIBROS DE TEXTOS |
|
| 650 | 4 |
_aARTE _xENSEÑANZA _xEDUCACIÓN PRIMARIA |
|
| 650 | 4 |
_aEDUCACIÓN PRIMARIA _zREPÚBLICA DOMINICANA |
|
| 700 | 1 |
_aMolinaza, José, _eed. |
|
| 700 | 1 |
_aSuárez Francisco, _eil. |
|
| 942 |
_2ddc _cBK |
||
| 945 | _ainventariado, 2018 / dg Remanejada para la BNPHU 2018 / BT | ||
| 956 |
_aBTAVÁREZ _b10 _cBPMSU _d20180307 _f0038 |
||
| 999 |
_c10049 _d10049 |
||